[Event "DRUZYNOWE MISTRZOSTWA POLSKI - II LIGA 2018"]
[Site "Jastrzebia Gora"]
[Date "1899-12-30"]
[Round "7.67"]
[White "Gierulski, Kamil"]
[Black "Kindler, Przemyslaw"]
[Result "1-0"]
[WhiteTitle "k++"]
[BlackTitle "k"]
[WhiteElo "2219"]
[BlackElo "2109"]

1. Nf3 d6 2. c4 e5 3. Nc3 f5 4. d3 Nf6 5. g3 Be7 6. Bg2 O-O 7. O-O Nc6 8. Rb1 a5
9. a3 Qe8 10. b4 axb4 11. axb4 Qh5 12. b5 Nd8 13. c5 Ne6 14. cxd6 Bxd6 15. Bb2
f4 16. Ne4 Nxe4 17. dxe4 fxg3 18. hxg3 Ng5 19. Nxg5 Qxg5 20. Qd5+ Kh8 21. Ra1
Rxa1 22. Rxa1 Bg4 23. Bc1 Qf6 24. Be3 b6 25. Kf1 h5 26. Ke1 Rd8 27. Qc4 Be6 28.
Qc1 Rf8 29. Bf3 Bh3 30. Ra4 Qe7 31. Bxh5 Bb4+ 32. Bd2 Bxd2+ 33. Qxd2 Qc5 34. Bf3
Qxb5 35. Ra1 Kh7 36. Qc3 Rf6 37. Rc1 c6 38. Rd1 Be6 39. Kf1 Bc4 40. Rc1 Bf7 41.
Kg2 Rd6 42. Bg4 Bg6 43. Qe3 Qb4 44. Bf5 Bxf5 45. exf5 Qd4 46. Qf3 e4 47. Rh1+
Kg8 48. Qh5 Rd8 49. Qh7+ Kf8 50. Qg6 Qf6 51. Qg4 Rd5 52. Rh8+ Ke7 53. Qxe4+ Re5
54. Qd4 Rd5 55. Qxb6 Qxf5 56. Qe3+ Qe5 57. Qf3 Qf5 58. Qe3+ Qe5 59. Qa7+ Rd7 60.
Qa8 Qe4+ 61. Kh2 Kd6 62. Qf8+ Re7 63. Rh4 Qxe2 64. Rd4+ Ke6 65. Qc8+ Kf7 66. Rf4+
1-0

[Event "DRUZYNOWE MISTRZOSTWA POLSKI - II LIGA 2018"]
[Site "Jastrzebia Gora"]
[Date "1899-12-30"]
[Round "7.68"]
[White "Libura, Wieslaw"]
[Black "Miasik, Adrian"]
[Result "0-1"]
[WhiteTitle "k"]
[BlackTitle "I++"]
[WhiteElo "2218"]
[BlackElo "1830"]

1. d4 d5 2. Nf3 e6 3. e3 Nf6 4. Bd3 c5 5. b3 Bd6 6. Bb2 Nc6 7. Nbd2 cxd4 8. exd4
Qc7 9. O-O O-O 10. c4 Bd7 11. Rc1 Rac8 12. Re1 Rfe8 13. Ne5 Qb8 14. Qf3 h6 15.
Bb1 Red8 16. h3 Bb4 17. Red1 Be8 18. Nf1 Bd6 19. Re1 Bb4 20. Red1 Bd6 21. cxd5
Nxd5 22. Nc4 Bf4 23. Nce3 Nce7 24. Rxc8 Rxc8 25. Nxd5 Nxd5 26. Qd3 g6 27. Ne3
Bxe3 28. fxe3 Qg3 29. e4 Ne3 30. Qd2 Nxd1 31. Qxd1 Qe3+ 32. Kh1 Bb5 33. d5 e5
34. Qg4 Re8 35. Qd1 Qf2 36. Qc2 Qxc2 37. Bxc2 f6 38. a4 Rc8 39. Bb1 Be2 40. b4
Bd1 41. a5 Bc2 42. Ba2 Bxe4 43. d6+ Kf8 44. Bb3 Rd8 45. b5 Rxd6 46. Ba3 Ke7 47.
Bf7 g5 48. b6 axb6 49. axb6 Bf5 50. Kg1 Be6 51. Be8 Bd5 52. Kf2 e4 53. g4 Ke6
54. Bf7+ Ke5 55. Bb2+ Kf4 56. Bc1+ e3+ 57. Bxe3+ Ke5 58. Be8 Rd8 59. Bg6 Ra8 60.
Bc5 Ra2+ 61. Ke3 Rh2 62. Bd4+ Ke6 63. Bf5+ Kf7 64. Bc5 Rxh3+ 65. Kd4 Bc6 66. Bd6
Rb3 67. Bc7 Ke7 68. Kc4 Rb2 69. Bc8 Rb1 70. Kd4 Ra1 71. Ke3 Ra4 72. Kf2 Be4 73.
Kg3 Ra8 0-1

[Event "DRUZYNOWE MISTRZOSTWA POLSKI - II LIGA 2018"]
[Site "Jastrzebia Gora"]
[Date "1899-12-30"]
[Round "7.69"]
[White "Ciasnocha, Michal"]
[Black "Piliczewski, Bogusz"]
[Result "1/2-1/2"]
[WhiteTitle "I"]
[BlackTitle "I+"]
[WhiteElo "1741"]
[BlackElo "2042"]

1. d4 d5 2. c4 c6 3. cxd5 cxd5 4. Nc3 Nf6 5. Nf3 Nc6 6. Bf4 a6 7. e3 Bg4 8. Be2
e6 9. O-O Bd6 10. Bxd6 Qxd6 11. Rc1 O-O 12. h3 Bh5 13. Ne1 Bxe2 14. Qxe2 b5 15.
Nd3 Nd7 16. a3 b4 17. axb4 Nxb4 18. Na4 Nxd3 19. Qxd3 Rfc8 20. Rc3 Rc6 21. Rfc1
Rac8 22. Rxc6 Rxc6 23. Rc3 Nb8 24. Rc5 Nd7 25. Rc3 Nb8 26. Rc5 Qd7 27. Qb3 Qc7
28. Qc3 g6 29. b4 Qd7 30. Nb2 f6 31. Nd3 Kf7 32. Qa3 1/2-1/2

[Event "DRUZYNOWE MISTRZOSTWA POLSKI - II LIGA 2018"]
[Site "Jastrzebia Gora"]
[Date "1899-12-30"]
[Round "7.70"]
[White "Putlak, Wojciech"]
[Black "Ziemniak, Piotr"]
[Result "0-1"]
[WhiteTitle "I++"]
[BlackTitle "I"]
[WhiteElo "2017"]
[BlackElo "1739"]

1. d4 Nf6 2. c4 g6 3. Nf3 Bg7 4. g3 d6 5. Bg2 Nbd7 6. O-O O-O 7. Nc3 c6 8. e4 e5
9. Be3 Ng4 10. Bg5 f6 11. Bc1 f5 12. h3 Ngf6 13. Re1 exd4 14. Nxd4 Nc5 15. exf5
gxf5 16. Bf4 Nfe4 17. Nxe4 fxe4 18. Bxe4 Qf6 19. Nb3 Nxe4 20. Rxe4 Qg6 21. Qe2
Bf5 22. Re7 Bxh3 23. Qe4 Bf5 24. Qe3 Rf7 25. Re1 Bf6 26. Rxf7 Qxf7 27. Nd4 Bg6
28. Bxd6 Re8 29. Qxe8+ Qxe8 30. Rxe8+ Bxe8 31. Nb3 Bxb2 32. Bb8 a6 33. Nc5 b5
34. Nxa6 bxc4 35. Nb4 c5 36. Nd5 Bf7 37. Ne3 Bd4 38. Bf4 c3 39. a3 Bb3 40. Nf5
Bf6 41. Nd6 c2 42. Bc1 c4 43. Kf1 Ba1 44. Ke2 c3 45. Kd3 Bb2 46. Bf4 Ba4 47. Nf5
c1=Q 48. Bxc1 Bxc1 49. Kxc3 Bxa3 50. Kd4 Bb5 51. g4 Be2 52. Ke3 Bd1 53. f3 Kf7
54. Kf4 Bc1+ 55. Kg3 Kf6 56. Nh4 Bd2 57. Ng2 Ke5 58. Kf2 Kd4 59. Nh4 Kd3 60. Ng2
Bc1 61. Ne1+ Kd2 62. Ng2 Ba3 63. Kg3 Bc5 64. Nh4 Ke3 65. Ng2+ Ke2 66. Nf4+ Kf1
67. Ne6 Bf2+ 68. Kf4 Kg2 69. Ng5 Bc2 70. Ne4 Bd1 71. Ng5 Bg3+ 72. Ke3 Bc2 73.
Ne6 Bh4 74. Nf4+ Kh2 75. Ne2 Bf6 76. Kf2 Bb3 77. f4 Kh3 78. g5 Bb2 79. Ke3 Kg4
80. Kf2 Ba4 81. Ke3 Ba3 82. Ke4 Bc2+ 83. Ke3 Bc5+ 84. Kd2 Bf5 85. Nc1 Kf3 86.
Nb3 Be3+ 87. Ke1 Kxf4 88. Ke2 Bg4+ 89. Kf1 Bf3 90. Na5 Bd5 0-1

[Event "DRUZYNOWE MISTRZOSTWA POLSKI - II LIGA 2018"]
[Site "Jastrzebia Gora"]
[Date "1899-12-30"]
[Round "7.71"]
[White "Wasik, Roman"]
[Black "Paziak, Patryk"]
[Result "0-1"]
[WhiteTitle "II+"]
[BlackTitle "I"]
[WhiteElo "1483"]
[BlackElo "1803"]

1. Nf3 Nf6 2. d4 g6 3. Bg5 Bg7 4. Nbd2 c5 5. dxc5 Qa5 6. c3 Qxc5 7. h3 O-O 8. e4
d6 9. Qc2 Nc6 10. Be3 Qa5 11. Bc4 d5 12. Nb3 Qa4 13. Bxd5 Nxd5 14. exd5 Na5 15.
O-O Bf5 16. Qc1 Nxb3 17. axb3 Qxb3 18. Rd1 Rfd8 19. Ra3 Qb5 20. Qd2 Be4 21. Bxa7
Rxd5 22. Nd4 Rad8 23. f3 Bf5 24. g4 Bc8 25. Nxb5 Rxd2 26. Rb1 Be6 27. Bf2 R2d3
28. Rba1 h5 29. Ra8 Rxa8 30. Rxa8+ Kh7 31. Nd4 Bd5 32. Kg2 hxg4 33. hxg4 e5 34.
Rd8 Bxf3+ 35. Nxf3 Rxd8 36. Ng5+ Kg8 37. Ne4 f5 38. gxf5 gxf5 39. Nc5 b5 40. Ne6
Rd2 41. b4 e4 42. Kf1 Bxc3 43. Bc5 Rb2 44. Bd4 Kf7 45. Bxc3 Rb1+ 46. Ke2 Kxe6
47. Kf2 Rb3 48. Be1 f4 49. Kg2 Kf5 0-1

[Event "DRUZYNOWE MISTRZOSTWA POLSKI - II LIGA 2018"]
[Site "Jastrzebia Gora"]
[Date "1899-12-30"]
[Round "7.72"]
[White "Kindler, Karolina"]
[Black "Kozubal, Aleksandra"]
[Result "0-1"]
[WhiteTitle "I++"]
[BlackTitle "I++"]
[WhiteElo "1632"]
[BlackElo "1754"]

1. d4 c5 2. e3 d5 3. Nf3 Nc6 4. b3 Bg4 5. Be2 e6 6. O-O Nf6 7. Bb2 Be7 8. Nbd2
O-O 9. Ne5 Bf5 10. f4 cxd4 11. exd4 Nb4 12. Nd3 Rc8 13. Nxb4 Bxb4 14. c4 Qa5 15.
Nf3 dxc4 16. bxc4 Ne4 17. a3 Bd2 18. Qb3 Bxf4 19. Bc1 Bxc1 20. Raxc1 Nd2 21. Nxd2
Qxd2 22. Bf3 Qxd4+ 23. Kh1 b6 24. Rfd1 Qc5 25. Rd7 Rc7 26. Rcd1 h6 27. Qa4 Rxd7
28. Rxd7 a5 29. Bh5 g6 30. Bf3 e5 31. Rd5 Qf2 32. Qd1 e4 33. Be2 e3 34. Bf3 Be4
35. Re5 Bxf3 36. gxf3 Rc8 37. Re4 e2 38. Rxe2 Qxf3+ 39. Kg1 Qg4+ 40. Kh1 Rxc4
41. Rb2 Qe4+ 42. Kg1 Qe3+ 43. Kg2 Qg5+ 0-1

[Event "DRUZYNOWE MISTRZOSTWA POLSKI - II LIGA 2018"]
[Site "Jastrzebia Gora"]
[Date "1899-12-30"]
[Round "7.73"]
[White "Gumula, Daniel"]
[Black "Zakrzewski, Marek"]
[Result "0-1"]
[WhiteTitle "FM"]
[BlackTitle "FM"]
[WhiteElo "2218"]
[BlackElo "2352"]

1. d4 Nf6 2. Nc3 d5 3. Bf4 c5 4. e3 cxd4 5. Nb5 Qa5+ 6. b4 Qxb4+ 7. c3 dxc3 8.
Qb3 e5 9. Bxe5 c2+ 10. Bc3 Qxb3 11. axb3 Na6 12. Bxf6 gxf6 13. Bd3 Nb4 14. Kd2
Nxd3 15. Kxd3 Bf5+ 16. Ke2 Rc8 17. Nf3 a6 18. Nbd4 Be4 19. Rhc1 Bb4 20. Ra2 Kd7
21. Nh4 Rc3 22. f3 Bd3+ 23. Kf2 Rhc8 24. g4 R3c7 0-1

[Event "DRUZYNOWE MISTRZOSTWA POLSKI - II LIGA 2018"]
[Site "Jastrzebia Gora"]
[Date "1899-12-30"]
[Round "7.74"]
[White "Hemmerling, Jaroslaw"]
[Black "Kolosowski, Pawel"]
[Result "1/2-1/2"]
[WhiteTitle "I++"]
[BlackTitle "m"]
[WhiteElo "1910"]
[BlackElo "2208"]

1. Nf3 Nf6 2. g3 g6 3. Bg2 Bg7 4. O-O O-O 5. d4 d6 6. c4 Na6 7. Nc3 c5 8. h3 Bd7
9. b3 Bc6 10. Bb2 cxd4 11. Nxd4 Bxg2 12. Kxg2 d5 13. Nf3 dxc4 14. bxc4 Qc7 15.
Qb3 Nc5 16. Qa3 e6 17. Nb5 Qb6 18. Bd4 Nfe4 19. Bxg7 Kxg7 20. Ne5 f6 21. Nd3 Nxd3
22. Qxd3 Nc5 23. Qe3 Rfd8 24. Rfd1 a6 25. Nd4 e5 26. Nb3 Qc6+ 27. f3 Na4 28. Rxd8
Rxd8 29. Rc1 Rc8 30. Qd2 b6 31. h4 Nc5 32. Rd1 Qe6 33. Nxc5 Rxc5 34. Qd7+ 1/2-1/2

[Event "DRUZYNOWE MISTRZOSTWA POLSKI - II LIGA 2018"]
[Site "Jastrzebia Gora"]
[Date "1899-12-30"]
[Round "7.75"]
[White "Stachanczyk, Jacek"]
[Black "Bajerlein, Dawid"]
[Result "1/2-1/2"]
[WhiteTitle "IM"]
[BlackTitle "k"]
[WhiteElo "2171"]
[BlackElo "2026"]

1. e4 c6 2. d4 d5 3. Nc3 dxe4 4. Nxe4 Bf5 5. Qf3 e6 6. Ne2 Be7 7. c3 Nf6 8. Nxf6+
Bxf6 9. Ng3 Bg6 10. Nh5 Bxh5 11. Qxh5 Qd5 12. Qxd5 cxd5 13. a4 Nc6 14. Bd3 O-O
15. O-O Na5 16. Bf4 Rac8 17. Rfe1 a6 18. Re2 Nc4 19. Bg3 g6 20. Bxc4 Rxc4 21.
Bd6 Rfc8 22. Kf1 R4c6 23. Bb4 b6 24. Re3 Rd8 25. a5 b5 26. Bc5 Re8 27. b4 h5 28.
Ke2 Kg7 29. Kd3 Rcc8 30. Rae1 Bg5 1/2-1/2

[Event "DRUZYNOWE MISTRZOSTWA POLSKI - II LIGA 2018"]
[Site "Jastrzebia Gora"]
[Date "1899-12-30"]
[Round "7.76"]
[White "Bernat, Marcin"]
[Black "Guzik, Jolanta"]
[Result "1/2-1/2"]
[WhiteTitle "k"]
[BlackTitle "WFM"]
[WhiteElo "2080"]
[BlackElo "1992"]

1. d4 d5 2. c4 e6 3. Nc3 Nf6 4. cxd5 exd5 5. Bg5 Be7 6. e3 c6 7. Bd3 Nbd7 8. Qc2
O-O 9. Nf3 Re8 10. h3 Nf8 11. Bf4 Ng6 12. Bh2 Bd6 13. O-O Bxh2+ 14. Kxh2 Qe7 15.
Kg1 Ne4 16. Bxe4 dxe4 17. Nd2 f5 18. Rae1 Be6 19. f3 exf3 20. Nxf3 Qd7 21. Na4
b6 22. b3 Rac8 23. Ng5 Rf8 24. Nxe6 Qxe6 25. Qc4 Qxc4 26. bxc4 Rcd8 27. g3 Rfe8
28. Nc3 Ne7 29. g4 g6 30. Re2 fxg4 31. hxg4 Nc8 32. Rf6 1/2-1/2

[Event "DRUZYNOWE MISTRZOSTWA POLSKI - II LIGA 2018"]
[Site "Jastrzebia Gora"]
[Date "1899-12-30"]
[Round "7.77"]
[White "Siedlinski, Piotr"]
[Black "Glatty, Zbigniew"]
[Result "1-0"]
[WhiteTitle "k"]
[BlackTitle "I"]
[WhiteElo "2081"]
[BlackElo "1823"]

1. e4 e5 2. Nf3 Nc6 3. d4 exd4 4. Nxd4 Bc5 5. Nxc6 Qf6 6. Qf3 dxc6 7. Qxf6 Nxf6
8. f3 Be6 9. Nc3 Nd7 10. Bd2 a6 11. Be2 f6 12. f4 O-O-O 13. O-O-O Ba7 14. Rhe1
Bf2 15. Rf1 Bd4 16. Be1 Be3+ 17. Bd2 Bd4 18. Be1 Be3+ 19. Kb1 Nc5 20. Bf2 Bxf2
21. Rxf2 a5 22. Bf3 Rxd1+ 23. Nxd1 Rd8 24. Rf1 Re8 25. Nf2 Bf7 26. a3 Ne6 27.
Bg4 Kd8 28. Bxe6 Rxe6 29. Kc1 Rd6 30. Rd1 Ke7 31. Rd2 c5 32. Rd3 Be6 33. Rg3 Kf8
34. Rd3 Ke7 35. Rd2 b6 36. Nd1 Bd7 37. Rxd6 cxd6 38. Kd2 Bc6 39. Ke3 d5 40. exd5
Bxd5 41. g3 Bf7 42. Kd3 Kd6 43. Ne3 Be6 44. Ke4 Bd7 45. Nc4+ Kc6 46. h4 Be6 47.
Ne3 Kd6 48. h5 Kc6 49. Nf5 Bd5+ 50. Kd3 g5 51. hxg6 hxg6 52. Ne7+ Kd6 53. Nxg6
Bf7 54. Nh4 Kd5 55. c4+ Ke6 56. g4 Be8 57. Ng2 Bc6 58. Ne3 Bf3 59. Kd2 Kf7 60.
Ke1 Ke6 61. Kf2 Be4 62. Kg3 Bd3 63. Kh4 Kf7 64. Kh5 Kg7 65. g5 Be2+ 66. Kh4 Kf7
67. Kg3 Kg6 68. Kf2 Bd3 69. gxf6 Kxf6 70. Ke1 Ke6 71. Kd2 Be4 72. a4 Bc6 73. b3
Be4 74. Kc3 Kf6 75. Kd2 Ke6 76. Nd5 Kf5 77. Nxb6 Kxf4 78. Nd7 Bc6 79. Nxc5 Ke5
80. Kc3 Kd6 81. Kd4 Bg2 82. Nd3 Bf1 83. Ne5 Be2 84. c5+ Kc7 85. Nc4 Bd1 86. Nxa5
1-0

[Event "DRUZYNOWE MISTRZOSTWA POLSKI - II LIGA 2018"]
[Site "Jastrzebia Gora"]
[Date "1899-12-30"]
[Round "7.78"]
[White "Debowiak, Arleta"]
[Black "Pluta, Natalia"]
[Result "1-0"]
[WhiteTitle "k+"]
[BlackTitle "I++"]
[WhiteElo "1889"]
[BlackElo "1816"]

1. e4 c5 2. Nf3 d6 3. d4 cxd4 4. Nxd4 Nf6 5. Nc3 g6 6. Be3 Bg7 7. f3 O-O 8. Qd2
Nc6 9. Bc4 Bd7 10. O-O-O Rc8 11. Bb3 Ne5 12. Kb1 Nc4 13. Bxc4 Rxc4 14. g4 b5 15.
h4 b4 16. Nd5 Nxd5 17. exd5 Qa5 18. Nb3 Qc7 19. h5 Rc8 20. Rc1 Ba4 21. hxg6 hxg6
22. Qh2 Be5 23. f4 Bf6 24. f5 Rxg4 25. Qh7+ Kf8 26. Bh6+ Ke8 27. Qg8+ Kd7 28.
Qxf7 gxf5 29. Qe6+ Kd8 30. Qxf5 Bd7 31. Qf2 a5 32. Be3 Rb8 33. Rcg1 Qc4 34. Bb6+
Kc8 35. Bxa5 Qxd5 36. Rd1 Qe5 37. c3 Qe4+ 38. Ka1 bxc3 39. Rc1 Rg2 40. Qa7 Qb7
41. Qxb7+ Kxb7 42. Bxc3 Bg5 43. Rcd1 Bf5 44. Rd4 Rg8 45. Rc4 Be3 46. Na5+ Kb6
47. Rc6+ Ka7 48. Rc7+ Kb8 49. Rb7+ Kc8 50. a4 Rg1+ 51. Rxg1 Rxg1+ 52. Ka2 Bd7
53. b4 Be6+ 54. Kb2 Rg2+ 55. Kb1 Bf5+ 56. Ka1 Bd7 57. b5 Rg4 58. b6 Rxa4+ 59.
Kb2 Bg4 60. Rc7+ Kd8 61. Nc6+ Ke8 62. Rxe7+ Kf8 63. b7 Ba7 64. Nxa7 Kxe7 65. b8=Q
Rc4 66. Qg8 Be6 67. Qg7+ Bf7 68. Nb5 Rc6 69. Qf6+ 1-0

[Event "DRUZYNOWE MISTRZOSTWA POLSKI - II LIGA 2018"]
[Site "Jastrzebia Gora"]
[Date "1899-12-30"]
[Round "7.79"]
[White "Brzezinski, Mateusz"]
[Black "Goluch, Piotr"]
[Result "0-1"]
[WhiteTitle "k"]
[BlackTitle "FM"]
[WhiteElo "2164"]
[BlackElo "2299"]

1. d4 d5 2. Bf4 Nf6 3. e3 c5 4. c3 Nc6 5. Nd2 cxd4 6. exd4 Bf5 7. Ngf3 e6 8. Qb3
Qc8 9. Nh4 Be4 10. f3 Bg6 11. Nxg6 hxg6 12. g4 Be7 13. Bd3 Bd8 14. Kf2 Bc7 15.
Bg3 g5 16. Rae1 Qd7 17. Qa3 Ne7 18. Nb3 b6 19. Qa6 O-O 20. Bb5 Qd8 21. Bd3 Ne8
22. Na1 g6 23. Nc2 Kg7 24. Be5+ Bxe5 25. dxe5 f6 26. Nd4 Nc7 27. Qb7 Kg8 28. h4
fxe5 29. Nxe6 Nxe6 30. Rxe5 Rb8 31. Qa6 Nc5 32. Qb5 a6 0-1

[Event "DRUZYNOWE MISTRZOSTWA POLSKI - II LIGA 2018"]
[Site "Jastrzebia Gora"]
[Date "1899-12-30"]
[Round "7.80"]
[White "Lukasiewicz, Krzysztof"]
[Black "Kujawski, Adam"]
[Result "0-1"]
[WhiteTitle "k"]
[BlackTitle "k"]
[WhiteElo "2242"]
[BlackElo "2209"]

1. d4 Nf6 2. Bf4 c5 3. e3 d5 4. Nd2 Nc6 5. Ngf3 cxd4 6. exd4 Qb6 7. Be2 Nxd4 8.
Nxd4 Qxd4 9. Be3 Qxb2 10. Rb1 Qc3 11. O-O e6 12. Bb5+ Bd7 13. Bxd7+ Nxd7 14. Rxb7
Qc6 15. Qb1 Nb6 16. Rxb6 axb6 17. c4 Bc5 18. cxd5 Qxd5 19. Bxc5 bxc5 20. Qb5+
Qd7 21. Qxc5 Qxd2 22. Rc1 Rd8 23. h4 h6 24. a4 Qd6 25. Qb5+ Ke7 26. Rc6 Rb8 0-1

[Event "DRUZYNOWE MISTRZOSTWA POLSKI - II LIGA 2018"]
[Site "Jastrzebia Gora"]
[Date "1899-12-30"]
[Round "7.81"]
[White "Gralka, Przemyslaw"]
[Black "Jankowiak, Tomasz"]
[Result "1-0"]
[WhiteTitle "k"]
[BlackTitle "k"]
[WhiteElo "2208"]
[BlackElo "2107"]

1. d4 d5 2. Nf3 Nf6 3. Bf4 c5 4. c3 cxd4 5. cxd4 Nc6 6. Nc3 Bf5 7. Qb3 Na5 8. Qa4+
Bd7 9. Qc2 e6 10. e3 Rc8 11. Bd3 Be7 12. h3 b5 13. a3 a6 14. O-O O-O 15. Ne5 h6
16. Rac1 Ne8 17. Qe2 Nd6 18. Qg4 Kh8 19. Nxd5 exd5 20. Qxd7 Nac4 21. Qxd8 Rfxd8
22. Bxc4 bxc4 23. Rc2 g5 24. Bg3 Kg7 25. Nf3 Ne4 26. Bh2 Rc6 27. Nd2 Nxd2 28.
Rxd2 Rd7 29. Rc1 Rb6 30. Kf1 Rdb7 31. Rcc2 Rb3 32. Ke2 a5 33. e4 dxe4 34. d5 c3
35. bxc3 Bxa3 36. d6 Rd7 37. c4 Rd3 38. c5 Rxd2+ 39. Kxd2 Bb4+ 40. Ke3 f5 41.
Be5+ Kf7 42. c6 Rd8 43. c7 Ra8 44. c8=Q 1-0

[Event "DRUZYNOWE MISTRZOSTWA POLSKI - II LIGA 2018"]
[Site "Jastrzebia Gora"]
[Date "1899-12-30"]
[Round "7.82"]
[White "Lukasiewicz, Anna"]
[Black "Wisniewski, Adam"]
[Result "1/2-1/2"]
[WhiteTitle "m"]
[BlackTitle "I+"]
[WhiteElo "2094"]
[BlackElo "1918"]

1. e4 e6 2. d4 d5 3. Nc3 Bb4 4. Nge2 dxe4 5. a3 Be7 6. Nxe4 Nf6 7. Qd3 Bd7 8. N2c3
Bc6 9. Bf4 O-O 10. O-O-O Nbd7 11. Nxf6+ Nxf6 12. Be2 Qd7 13. Qg3 Ne4 14. Nxe4
Bxe4 15. f3 Bg6 16. Bd3 Bxd3 17. Rxd3 Bd6 18. Be5 Bxe5 19. dxe5 Qe7 20. Rhd1 Rad8
21. f4 Rxd3 22. Qxd3 Qc5 23. Qe4 b5 24. g4 a5 25. Qd4 Qxd4 26. Rxd4 f6 27. exf6
Rxf6 28. g5 Rf5 29. Kd2 Kf8 30. h4 Ke7 31. b4 axb4 32. axb4 e5 1/2-1/2

[Event "DRUZYNOWE MISTRZOSTWA POLSKI - II LIGA 2018"]
[Site "Jastrzebia Gora"]
[Date "1899-12-30"]
[Round "7.83"]
[White "Stoppel, Mariusz"]
[Black "Jankowiak, Piotr"]
[Result "1/2-1/2"]
[WhiteTitle "I+"]
[BlackTitle "I+"]
[WhiteElo "2012"]
[BlackElo "1925"]

1. e4 e5 2. Nf3 Nc6 3. Bb5 a6 4. Ba4 Nf6 5. d4 exd4 6. O-O Be7 7. e5 Ne4 8. Re1
Nc5 9. Bxc6 dxc6 10. Nxd4 O-O 11. Nc3 Re8 12. h3 Bf8 13. Bf4 Ne6 14. Nxe6 Qxd1
15. Raxd1 Bxe6 16. a3 Rad8 17. g4 h6 18. Kg2 b5 19. Rxd8 Rxd8 20. Rd1 Re8 21.
f3 c5 22. Bg3 c6 23. Ne4 Bd5 24. Nc3 Be6 25. Ne4 Bd5 26. Nc3 1/2-1/2

[Event "DRUZYNOWE MISTRZOSTWA POLSKI - II LIGA 2018"]
[Site "Jastrzebia Gora"]
[Date "1899-12-30"]
[Round "7.84"]
[White "Czarniecka, Aleksandra"]
[Black "Mackiewicz, Anna"]
[Result "1/2-1/2"]
[WhiteTitle "k"]
[BlackTitle "k+"]
[WhiteElo "1822"]
[BlackElo "1850"]

1. e4 e6 2. d4 d5 3. Nd2 c5 4. exd5 exd5 5. Ngf3 Nc6 6. Bb5 Bd6 7. dxc5 Bxc5 8.
O-O Nge7 9. Nb3 Bd6 10. Nbd4 O-O 11. c3 Bg4 12. Qd3 Qc7 13. h3 Bh5 14. Be3 Rad8
15. Rae1 h6 16. b4 Ne5 17. Nxe5 Bxe5 18. Ba4 Bg6 19. Qd2 Nc6 20. Bxc6 bxc6 21.
Nb3 Bd6 22. Bc5 Rfe8 23. Bxd6 Qxd6 24. Nc5 Qf6 25. Rxe8+ Rxe8 26. Re1 Rd8 27.
Rd1 Bf5 28. Qd4 Qxd4 29. Rxd4 Re8 30. Kf1 Bb1 31. Rd2 Ra8 32. Nb3 Kf8 33. Ke1
Bf5 34. Re2 Bd3 35. Re3 Bc4 36. Na5 Bb5 37. Kd2 Rd8 38. Nb7 Rd7 39. Nc5 Rd8 40.
Nb7 Rd7 41. Nc5 Rd6 42. a4 Bf1 43. g4 d4 44. cxd4 Rxd4+ 45. Kc3 Rc4+ 46. Kb3 Rd4
47. Kc3 Rc4+ 48. Kb3 Rd4 49. Kc3 1/2-1/2

[Event "DRUZYNOWE MISTRZOSTWA POLSKI - II LIGA 2018"]
[Site "Jastrzebia Gora"]
[Date "1899-12-30"]
[Round "7.85"]
[White "Adamski, Michal"]
[Black "Steczek, Marcin"]
[Result "0-1"]
[WhiteTitle "k++"]
[BlackTitle "FM"]
[WhiteElo "2193"]
[BlackElo "2386"]

1. e4 Nf6 2. e5 Nd5 3. d4 d6 4. c4 Nb6 5. exd6 exd6 6. Nc3 Be7 7. Be3 O-O 8. h3
Bg5 9. Nf3 Bxe3 10. fxe3 Re8 11. Qd2 Be6 12. b3 a5 13. Bd3 Na6 14. O-O d5 15.
cxd5 Nxd5 16. e4 Nxc3 17. Qxc3 c6 18. Rad1 Qe7 19. Bb1 Nc7 20. Qc2 g6 21. Qd2
a4 22. bxa4 Rxa4 23. Qh6 Qf8 24. Qf4 Nb5 25. Rd2 Nc3 26. Bc2 Rxa2 27. Ne5 Qe7
28. Rf3 Nb5 29. d5 cxd5 30. exd5 Bf5 31. Bxf5 Rxd2 32. Nxf7 Nd4 33. Be6 Ne2+ 0-1

[Event "DRUZYNOWE MISTRZOSTWA POLSKI - II LIGA 2018"]
[Site "Jastrzebia Gora"]
[Date "1899-12-30"]
[Round "7.86"]
[White "Walaszczyk, Witold"]
[Black "Teclaf, Pawel"]
[Result "0-1"]
[WhiteTitle "k"]
[BlackTitle "CM"]
[WhiteElo "2100"]
[BlackElo "2390"]

1. d4 Nf6 2. Nf3 g6 3. c4 Bg7 4. g3 O-O 5. Bg2 d5 6. O-O Nc6 7. b3 Bg4 8. Bb2 dxc4
9. bxc4 Ne4 10. e3 Ng5 11. Nbd2 e5 12. h3 Nxh3+ 13. Kh2 Ng5 14. Qb3 exd4 15. e4
Nxf3+ 16. Nxf3 Bxf3 17. Bxf3 Ne5 18. Be2 d3 19. Rfd1 Qf6 20. Bf1 Qxf2+ 21. Bg2
Ng4+ 22. Kh3 Ne3 0-1

[Event "DRUZYNOWE MISTRZOSTWA POLSKI - II LIGA 2018"]
[Site "Jastrzebia Gora"]
[Date "1899-12-30"]
[Round "7.87"]
[White "Kempinski, Tomasz"]
[Black "Swiatnicki, Andrzej"]
[Result "1-0"]
[WhiteTitle "FM"]
[BlackTitle "k"]
[WhiteElo "2152"]
[BlackElo "2008"]

1. e4 e6 2. d4 d5 3. exd5 exd5 4. Bd3 Bd6 5. Qf3 Nf6 6. h3 O-O 7. Ne2 Re8 8. O-O
h6 9. Ng3 c6 10. Be3 Bc7 11. Nd2 Nbd7 12. Bf5 Nf8 13. Bxc8 Rxc8 14. Nf5 Kh7 15.
Rfe1 Ng6 16. h4 Ne4 17. h5 Nh4 18. Nxh4 Nxd2 19. Qf5+ Kg8 20. Qg4 Re4 21. f4 Nc4
22. Nf5 Qf8 23. Nxg7 Nxe3 24. Rxe3 Rxf4 25. Qxc8 Qxc8 26. Re8+ Qxe8 27. Nxe8 Bb8
28. c3 Kf8 29. Re1 f6 30. b3 Kf7 31. Ng7 Kxg7 32. Re7+ Kf8 33. Rxb7 Bd6 34. Rxa7
Ke8 35. Rh7 c5 36. dxc5 Bxc5+ 37. Kh2 Rh4+ 38. Kg3 Rxh5 39. b4 Bd6+ 40. Kf3 Rf5+
41. Ke3 Be5 42. b5 Kd8 43. a4 Bxc3 44. b6 d4+ 45. Kd3 Kc8 46. g4 Rf4 47. Kc4 Rxg4
48. Kb5 f5 49. Kc6 1-0

[Event "DRUZYNOWE MISTRZOSTWA POLSKI - II LIGA 2018"]
[Site "Jastrzebia Gora"]
[Date "1899-12-30"]
[Round "7.88"]
[White "Smagalski, Slawomir"]
[Black "Bartkowiak, Damian"]
[Result "0-1"]
[WhiteTitle "I+"]
[BlackTitle "k"]
[WhiteElo "1911"]
[BlackElo "2148"]

1. Nf3 c5 2. c4 Nc6 3. g3 e5 4. Nc3 g6 5. Bg2 Bg7 6. O-O Nge7 7. d3 d6 8. Rb1 O-O
9. a3 a5 10. Bd2 Rb8 11. Ne1 Be6 12. Nc2 Qd7 13. Nd5 b5 14. b3 b4 15. a4 f5 16.
e4 Bf7 17. Bg5 Be6 18. Bxe7 Nxe7 19. Nxe7+ Qxe7 20. f3 h5 21. Ne3 Qg5 22. Qe1
f4 23. Nd5 Rf7 24. Kh1 Rbf8 25. Rg1 Qd8 26. Qe2 g5 27. Rbf1 g4 28. Rf2 fxg3 29.
hxg3 h4 30. Bf1 gxf3 31. Qe3 hxg3 32. Rxg3 Qh4+ 33. Bh3 Bxh3 34. Rgxf3 Bg4+ 35.
Kg1 Rxf3 36. Rxf3 Rxf3 0-1

[Event "DRUZYNOWE MISTRZOSTWA POLSKI - II LIGA 2018"]
[Site "Jastrzebia Gora"]
[Date "1899-12-30"]
[Round "7.89"]
[White "Niemier, Hubert"]
[Black "Smagalski, Jaroslaw"]
[Result "1/2-1/2"]
[WhiteTitle "I"]
[BlackTitle "I"]
[WhiteElo "1838"]
[BlackElo "1916"]

1. d4 Nf6 2. c4 e6 3. Nc3 Bb4 4. f3 d5 5. a3 Be7 6. e3 O-O 7. Bd3 c5 8. Nge2 Nc6
9. O-O cxd4 10. exd4 dxc4 11. Bxc4 a6 12. Be3 b5 13. Bb3 Bb7 14. Bf2 Rc8 15. Ne4
Na5 16. Bc2 Nc4 17. Nxf6+ Bxf6 18. b3 Nb6 19. Qd3 g6 20. Rac1 Nd5 21. Bb1 Qd6
22. b4 Nf4 23. Nxf4 Qxf4 24. Be3 Qd6 25. Rc5 Rcd8 26. Rd1 Rd7 27. Qe2 Bd5 28.
Be4 Qe7 29. Qf2 Rfd8 30. g3 Bg7 31. h4 h6 32. Bc2 Bc4 33. f4 f5 34. Rd2 h5 35.
Bd1 Rd6 36. Bf3 Qd7 37. Re5 Bd5 38. Bxd5 Rxd5 39. Rxd5 Qxd5 40. Rd3 Rc8 41. Qd2
Kh7 42. Bf2 Rd8 43. Qc3 Qd7 1/2-1/2

[Event "DRUZYNOWE MISTRZOSTWA POLSKI - II LIGA 2018"]
[Site "Jastrzebia Gora"]
[Date "1899-12-30"]
[Round "7.90"]
[White "Bukowska, Katarzyna"]
[Black "Huchwajda, Katarzyna"]
[Result "1-0"]
[WhiteTitle "k++"]
[BlackTitle "I++"]
[WhiteElo "1914"]
[BlackElo "1766"]

1. e4 c5 2. Nf3 e6 3. d4 cxd4 4. Nxd4 Nc6 5. Nc3 Nf6 6. Be2 Bb4 7. O-O Bxc3 8.
bxc3 Nxe4 9. Qd3 d5 10. Ba3 Qa5 11. Nb5 a6 12. Nd6+ Nxd6 13. Bxd6 Ne7 14. Bxe7
Kxe7 15. Qg3 g6 16. c4 Bd7 17. cxd5 Qxd5 18. Bf3 Qd6 19. Qh4+ f6 20. Bxb7 Ra7
21. Rad1 Qc5 22. Qh6 Rf8 23. Qxh7+ Rf7 24. Rxd7+ 1-0

[Event "DRUZYNOWE MISTRZOSTWA POLSKI - II LIGA 2018"]
[Site "Jastrzebia Gora"]
[Date "1899-12-30"]
[Round "7.91"]
[White "Banasik, Krzysztof"]
[Black "Szmyd, Arkadiusz"]
[Result "1/2-1/2"]
[WhiteTitle "k"]
[BlackTitle "k"]
[WhiteElo "2231"]
[BlackElo "2126"]

1. Nf3 d5 2. d4 c6 3. c4 dxc4 4. e3 b5 5. a4 Qb6 6. Be2 Nf6 7. O-O Bb7 8. Nc3 a6
9. Ne5 Nbd7 10. b3 cxb3 11. Qxb3 e6 12. Nxd7 Nxd7 13. Bh5 g6 14. Bf3 Be7 15. Bb2
O-O 16. Rfc1 c5 17. axb5 Bxf3 18. gxf3 cxd4 19. exd4 axb5 20. Qxb5 Rxa1 21. Rxa1
Qxb5 22. Nxb5 Rb8 23. Ra7 Rxb5 24. Rxd7 Rxb2 25. Rxe7 Kf8 26. Rd7 Rb1+ 27. Kg2
Rd1 28. Rd8+ Ke7 29. Ra8 Rxd4 30. Ra7+ Kf6 31. Rb7 h5 32. Ra7 g5 33. h3 Kg6 34.
Re7 Ra4 35. Rb7 f6 36. Rb6 Kf5 37. Rc6 e5 38. Rb6 Rc4 39. Ra6 g4 40. fxg4+ hxg4
41. hxg4+ Rxg4+ 42. Kf3 Rb4 43. Ke3 Rb3+ 44. Ke2 e4 45. Kf1 Ke5 46. Kg2 f5 47.
Ra8 f4 48. Re8+ Kd4 49. Rd8+ Kc3 50. Rf8 f3+ 51. Kg3 Kd3 52. Ra8 Rc3 53. Ra7 Rc1
54. Ra3+ Kd2 55. Ra2+ Ke1 56. Ra3 Kf1 57. Ra2 Kg1 58. Rb2 Re1 59. Ra2 Kh1 60.
Rb2 Rg1+ 61. Kh3 Rf1 62. Kg3 Kg1 63. Ra2 Rd1 64. Rb2 Kf1 65. Ra2 Rb1 66. Rc2 Rb8
67. Rc1+ Ke2 68. Rc2+ Kd3 69. Ra2 Rb3 70. Ra8 Ke2 71. Ra2+ 1/2-1/2